00997nam a22003015b 4500001000600000003000900006005001700015007000300032008003500035017000900070020001500079040003000094082002800124100004600152245009300198250000600291264005800297300005100355336002900406337003500435338002900470490004500499600000600544650003800550650003800588650002700626700004200653 446 DO-SdBPM20251120081107.0ta950710s1985 sp a | | ||spa  a b  a8434205246 aDO-SdBPMbspacBPMSUerda 4a808.068bS685j 19852221 aSolé Vendrell, Carme eautor 4aut. d 14aLos jóvenes / cCarme Solé Vendrell ; ilustraciones de Josep María Parramon h  a  aBogotá, Colombia : bParramón Ediciones , c1985 avarias paginaciones. :bilustraciones ;c20 cm atexto btxt 2rdacontent asin mediación bn2rdamedia  avolumen bnc2rdacarrier0 aPrimera Biblioteca de los Niños.a v  2  7aLibros y lectura para niñosv  7aLibros ilustrados para niñosv  7aCuentos infantiles v 1 aParramon, Josep María eilustrador